Venäjän tasavallat - lippuvisa - Statistics

Yleistilastot
  • Tätä visaa on pelattu 33 kertaa
  • Keskiarvotulos 7 / 21
Vastaustilastot
Kuvavisa Hint Vastaus % Oikein
Petroskoi Karjala
95%
Groznyi Tšetšenia
63%
Jakutsk Saha
58%
Joškar-Ola Mari
53%
Syktyvkar Komi
42%
Mahatškala Dagestan
37%
Saransk Mordva
37%
Kazan Tatarstan
37%
Kyzyl Tuva
37%
Iževsk Udmurtia
32%
Gorno-Altaisk Altai
26%
Tšeboksary Tšuvassia
26%
Ufa Baškortostan
21%
Ulan-Ude Burjatia
21%
Magas Ingušia
21%
Vladikavkaz Pohjois-Ossetia-Alania
16%
Naltšik Kabardi-Balkaria
11%
Elista Kalmukia
11%
Tšerkessk Karatšai-Tšerkessia
11%
Maikop Adygeia
5%
Abakan Hakassia
5%
Ehtoja vastaavia visoja ei löytynyt
Tulosjakauma
Jokaisen tuloksen saaneiden osuus
Persentiili vastausten määrän mukaan
Tuloshistoriasi
Et ole pelannut tätä visaa